00501nam a2200169Ia 450000500170000000800410001702000150005808200170007310000130009024500420010326000330014530000130017865000200019194200060021195200990021799900150031620240624043021.0240331s9999 xx 000 0 und d a8177200410 bSTOa894.811 aStorr, A 0aFreud :bmikach churukkamana arimugam aputhanathambadaiyalamc2005 a248 p ., a Arts & Culture cL 001040708LaWERCLbWERCLcSSCd2024-03-31l0o 894.811 STOp5515r2024-03-31w2024-03-31yL c4124d4124